Criminologia (Registo nº 196430)

Detalhes MARC
000 -Etiqueta do registo
Valores 00909nam 22002533 4500
010 ## - Número ISBN
ISBN 972-46-1471-9
021 ## - Número do Depósito Legal
Código do país Portugal
Número 235 768/05
100 ## - Dados gerais de processamento
Dados gerais 20250603d u||y0pory50 ba
200 ## - Titulo e menção de responsabilidade
Título próprio Criminologia
Primeira menção de responsabilidade Maurice Cusson
Outras menções de responsabilidade prefácio Cândido da Agra ; tradução Josefina Castro
205 ## - Menção da edição
Edição
210 ## - Publicação
Local de publicação Cruz Quebrada
Nome do editor Casa das letras
Data de publicação 2006
215 ## - Descrição física 
Paginação / Volumes 254 p.
Outras indicações físicas brochado
Dimensões 23 cm
606 ## - Nome comum usado como assunto
ID Autoridade 7813
Palavra de ordem Direito
610 ## - Termos não controlados
Palavra de ordem Criminologia--Séc.XX
610 ## - Termos não controlados
Palavra de ordem Teorias gerais do crime e da criminalidade
675 ## - CDU
Notação 343.9
Edição PT
Língua por
700 ## - Autor principal (pessoa individual)
ID Autoridade 12520
Apelido Cusson
Nome Maurice
702 ## - Autor secundário (pessoa individual)
Apelido Agra
Nome Cândido da
-- Área das Ciências sociais com destaque para o direito e criminologia. fundou o Centro de Ciências do Comportamento Desviante da f.Psicologia do Porto
ID Autoridade 12524
702 ## - Autor secundário (pessoa individual)
ID Autoridade 12525
Apelido Castro
Nome Josefina
801 ## - Fonte de origem
País PT
Agência BMMN
Regras de catalogação RPC
830 ## - Notas gerais do catalogador
Criado por Ana
Indexado por Ana
990 ## - Elementos KOHA
Tipo de documento Livro
Exemplares
Situação do levantamento Biblioteca de origem Código de barras Cota Permissão de empréstimo Tipo de documento Forma de aquisição
  Biblioteca Municipal de Montemor-o-Novo 24342 34 CUS|DEP   Livro Compra

Powered by Koha